|
|
|
|
| LEADER |
00000cam a2200000 a 4500 |
| 001 |
76372 |
| 005 |
20230308165014.0 |
| 008 |
000000|1961 ||||||||r|||||||||||spa|| |
| 040 |
|
|
|b spa
|
| 041 |
0 |
|
|a Español
|
| 082 |
0 |
|
|a 346.078
|
| 100 |
1 |
|
|a Tarantino, Jacinto R.
|9 49859
|
| 245 |
0 |
0 |
|a Quiebra y tributos
|b proyección de la quiebra en el derecho tributario
|c Jacinto R. Tarantino
|h imp
|
| 264 |
|
|
|a Buenos Aires
|b Ediar Editores
|c 1961
|
| 300 |
|
|
|a 365 páginas:
|c 19.5 cm
|
| 650 |
|
|
|a Derecho tributario
|9 7585
|
| 650 |
|
|
|a Quiebra
|9 15074
|
| 650 |
|
|
|a Obligacion tributaria
|9 49860
|
| 650 |
|
|
|a Impuestos
|9 12240
|
| 852 |
|
|
|a UC-CDJBV
|c ESTANTERIA CERRADA
|f Compra
|k sara.alvarado
|l 1
|m General
|p 00000000
|q 3.00
|r 2
|t 76372
|b 0
|d CDRC
|e CDRC
|g 346.078 ESTANTERIA CERRADA
|z 0000-00-00
|
| 942 |
|
|
|c BK
|
| 999 |
|
|
|c 27284
|d 27284
|